000 00883cab a2200241 4500
001 WB3513-41
008 090401t1999 xxu||||| |||| 00| 0 eng d
035 _a(Sirsi) u92596
041 _aeng
245 _aSocial boost for PFI
260 _c1999
350 _a0
490 _aContract Journal
_v31 March 1999, 1(1)
520 _aThe government is to offer 15 major inner city housing estates as PFI projects, extending the private finance initiative into social housing. The 'Pathfinder' projects will run alongside the Welfare to Work and New Deal for Communities programmes. There is an estimated £20bn backlog in the social housing sector.
650 _aINNER CITY DEVELOPMENT
650 _aPATHFINDER
650 _aPFI
650 _aPRIVATE FINANCE INITIATIVE
650 _aSOCIAL HOUSING
690 _aHOUSING-DEVELOPMENT
942 _n0
948 _c07/04/1999
999 _c58682
_d58682